000 00564nam a2200193 a 4500
001 1769939802494
003 YourLibrary
005 20260201163730.0
008 260201s2004##################000#0#eng##
020 _a9783540405412
082 0 4 _a305.26
_bMOR
100 1 _aMcMorrow, Kieran,
_eauthor.
245 1 0 _aThe Economic and Financial Market Consequences of Global Ageing :
260 _bSpringer Science & Business Media,
_c2004.
300 _a368 pages
650 0 _aBusiness & Economics.
942 _cENGLISH
040 _aYourLibrary
_beng
_cYourLibrary
999 _c609769
_d609769